| 000 | 00607nam a22002297a 4500 | ||
|---|---|---|---|
| 003 | UA-OsUOA | ||
| 001 | 83419 | ||
| 007 | ta | ||
| 008 | 20120411b un ||||| |||| 00| 0 ukr d | ||
| 100 | _aШвайка А. | ||
| 090 |
_a821.161.2 _bШ33 |
||
| 942 | _cBK | ||
| 040 |
_aUA-OsUOA _bukr _cUA-OsUOA _dUA-OsUOA |
||
| 245 | _aКажу вам правду, люди | ||
| 300 | _a40 с. | ||
| 955 | _a3 | ||
| 041 | _aukr | ||
| 080 | _a821.161.2 | ||
| 260 |
_aТернопіль _bТернопіль _c1993 |
||
| 650 | 7 |
_a82 Література. Літературознавство _2UDC |
|
| 999 |
_c369731 _d369731 |
||